[Event "ROM-chT Rapid"]
[Site "Sebes"]
[Date "2023.12.02"]
[Round "8.12"]
[White "Vaduva, Ion Valentin"]
[Black "Tampea, Radu"]
[Result "0-1"]
[WhiteElo "1603"]
[BlackElo "2203"]
[PlyCount "80"]
[EventDate "2023.12.02"]
[EventType "team-swiss (rapid)"]
[EventRounds "8"]
[EventCountry "ROU"]
[SourceTitle "CB49_2023"]
[SourceDate "2023.12.06"]
[SourceVersion "1"]
[SourceVersionDate "2023.12.06"]
[SourceQuality "1"]
[WhiteTeam "Resita Muncitoresc"]
[BlackTeam "Alba Iulia Unirea"]
[WhiteTeamCountry "ROU"]
[BlackTeamCountry "ROU"]

1. e4 c5 2. c3 d5 3. exd5 Qxd5 4. d4 Nc6 5. Nf3 Bf5 6. Be3 Nf6 7. c4 Qd6 8. d5 Nb4 9. Na3 0-0-0 10. Be2 e6 11. Qa4 a6 12. 0-0 exd5 13. cxd5 Kb8 14. Rac1 Bd7 15. Qb3 Qxd5 16. Bc4 Qh5 17. Bxf7 g6 18. Bf4+ Ka7 19. Nc4 Bc6 20. Nce5 Bxf3 21. Nxf3 Bd6 22. Bg5 Bxh2+ 23. Nxh2 Qxg5 24. Qc4 Nd3 25. Nf3 Qf5 26. Be6 Qe4 27. Qxe4 Nxe4 28. Rc2 Rhe8 29. Bc4 Nb4 30. Re2 Nd6 31. Rxe8 Rxe8 32. Bb3 Re2 33. Rb1 Nd3 34. Bg8 Nxb2 35. Bxh7 c4 36. Bxg6 c3 37. Nd4 Rd2 38. Nc2 Ndc4 39. Rc1 Ne5 40. Be4 Ned3 0-1

[Event "Arad op 15th"]
[Site "Arad"]
[Date "2022.08.11"]
[Round "5"]
[White "Vaduva, Ion Valentin"]
[Black "Tampea, Radu"]
[Result "0-1"]
[WhiteElo "1537"]
[BlackElo "2093"]
[PlyCount "36"]
[EventDate "2022.08.08"]
[EventType "swiss"]
[EventRounds "9"]
[EventCountry "ROU"]
[SourceTitle "CBM 209 Extra"]
[Source "ChessBase"]
[SourceDate "2022.09.30"]
[SourceVersion "1"]
[SourceVersionDate "2022.09.30"]
[SourceQuality "1"]

1. e4 c5 2. c3 d5 3. exd5 Qxd5 4. d4 Nc6 5. Nf3 Bf5 6. Be3 Nf6 7. Na3 cxd4 8. Nb5 0-0-0 9. Nbxd4 Ng4 10. Nxf5 Qxf5 11. Qe2 e6 12. Nd4 Nxd4 13. Bxd4 Rxd4 14. cxd4 Bb4+ 15. Kd1 Nxf2+ 16. Kc1 Kb8 17. b3 Rc8+ 18. Kb2 Bc3+ 0-1

[Event "ROM-ch U08"]
[Site "Baile Felix"]
[Date "2017.02.05"]
[Round "4"]
[White "Vaduva, Ion Valentin"]
[Black "Bar, Andrei Alecsandru"]
[Result "1/2-1/2"]
[WhiteElo "1001"]
[BlackElo "1177"]
[PlyCount "23"]
[EventDate "2017.02.02"]
[EventType "swiss"]
[EventRounds "9"]
[EventCountry "ROU"]
[SourceTitle "CBM 176 Extra"]
[Source "ChessBase"]
[SourceDate "2017.03.02"]
[SourceVersion "1"]
[SourceVersionDate "2017.03.02"]
[SourceQuality "1"]

1. e4 c6 2. Nf3 d5 3. exd5 cxd5 4. d4 Bg4 5. h3 Bh5 6. Nc3 Nf6 7. Bf4 e6 8. Nb5 Qa5+ 9. c3 Kd8 10. Nc7 Bd6 11. Nxa8 Ke7 12. Bd2 1/2-1/2